00222nam a2200085Ia 4500001000800000005001700008008004100025245005200066260001800118116156920250827011628.0250824s9999 xx 000 0 und d 0aGOL MAKİNESİ LEWANDOWSKİcDİEGO ROBERTO bDOKUZ ÇOCUK